00615nam a2200169Ia 4500008004100000020001800041041000800059082001500067100002200082245010500104250000600209260005100215300001100266650002000277999001900297952012900316210716s2010 xx 000 0 und d a9788122431261 aeng a519.3 CAMC aCamerer, Colin F. aBehavioral game theory: experiments in strategic interaction.bExperiments in strategic interaction. a1 aNew DelhibNew Age International Pvt Ltdc2010 axv,550 aGames of action c197335d197335 001040708MCAaAIMITbAIMITeKnowledge Worldg495.00l0o519.3 CAMCpMCA16852r2025-07-21 00:00:00v371.25w2021-07-16yBK